00286nam a2200121Ia 45000030006000000080041000060400015000471000018000622450046000802600009001265460012001350050017001470STCL150530s9999 xx 000 0 und d aSTCLcSTCL aWilliam Sharp aLife and writings of Percy Bysshe Shelley c1910 aEnglish20220125170856.0